Recruitment of Nurses: (Record no. 102686)

MARC details
000 -LEADER
fixed length control field 00637nam a22001937a 4500
005 - DATE AND TIME OF LATEST TRANSACTION
control field 20230912120833.0
010 ## - LCCN (DPL NO)
LC control number ENG-115775 ENG-137880
020 ## - INTERNATIONAL STANDARD BOOK NUMBER
Terms of availability 190.00
035 ## - SYSTEM CONTROL NUMBER
System control number EN-99307 EN-121412
037 ## - SOURCE OF ACQUISITION
Source of stock number/acquisition DBAD/PUB
082 ## - DEWEY DECIMAL CLASSIFICATION NUMBER
Classification number 610.73
245 ## - TITLE STATEMENT
Title Recruitment of Nurses:
Remainder of title Study notes model Q & A/
Statement of responsibility, etc Complied by T. Ravi
260 ## - PUBLICATION, DISTRIBUTION, ETC. (IMPRINT)
Place of publication, distribution, etc Chennai
Name of publisher, distributor, etc The Raman's Books
Date of publication, distribution, etc 2015
270 ## - ADDRESS
Address 25 Fourth main Road Indira Nagar,Adyar
City Chennai
Postal code 600020
300 ## - PHYSICAL DESCRIPTION
Extent Various Pagings
Dimensions 27cm(pbk)
500 ## - GENERAL NOTE
General note Conducted by medical service recruitment board
700 ## - ADDED ENTRY--PERSONAL NAME
Personal name Ravi,T.
9 (RLIN) 56372
942 ## - ADDED ENTRY ELEMENTS (KOHA)
Source of classification or shelving scheme Dewey Decimal Classification
Item type English Books
Classification part 610.73
Call number suffix REC
Holdings
Withdrawn status Lost status Not for loan Collection code Home library Current library Date acquired Source of acquisition Cost, normal purchase price Full call number Barcode Copy number Cost, replacement price Koha item type
      Non-fiction Bawana Bawana 28/08/2023 DBAD/PUB 190.00 610.73 REC EN-121412 1 190.00 English Books

© Delhi Public Library
Hit Counter
free hit counter